000 00775nam a2200277Ia 4500
003 OSt
005 20220928121947.0
006 a|||||r|||| 00| 0
007 ta
008 220927b |||||||| |||| 00| 0 eng d
024 _a31904
037 _cTextual
040 _aSDCL
_cSDCL
_beng
041 _2eng
_aeng
082 _aS4, P8
100 _aJex Steve M
_9455038
245 0 _aOrganizational psychology
_b A scientist-practitioner approach.
250 _a2
260 _aNew Jersey
_bJohn Wiley
_c2008
300 _axiii,625p.
_ccm.
650 _a Jex Steve M
_9455039
650 _aPsychology Industrial
_9419057
700 _a Britt Thomas W
_9455040
942 _hS4, P8
_cTEXL
_2CC
999 _c768727
_d768727